Doing data analysis with SPSS version 16 / (Record no. 18664)
[ view plain ]
| 000 -LEADER | |
|---|---|
| fixed length control field | 01209cam a22002654a 4500 |
| 005 - DATE AND TIME OF LATEST TRANSACTION | |
| control field | 20230608090910.0 |
| 008 - FIXED-LENGTH DATA ELEMENTS--GENERAL INFORMATION | |
| fixed length control field | 080215s2009 caua b 001 0 eng |
| 010 ## - LIBRARY OF CONGRESS CONTROL NUMBER | |
| LC control number | 2008923234 |
| 020 ## - INTERNATIONAL STANDARD BOOK NUMBER | |
| ISBN | 0495556513 |
| 040 ## - CATALOGING SOURCE | |
| Original cataloging agency | DLC |
| Transcribing agency | DLC |
| Modifying agency | DLC |
| 082 ## - DEWEY DECIMAL CLASSIFICATION NUMBER | |
| Classification number | 004.6 |
| Item number | CAR-D |
| 100 1# - MAIN ENTRY--AUTHOR | |
| Author Name | Carver,Nash |
| 245 10 - TITLE STATEMENT | |
| Title | Doing data analysis with SPSS version 16 / |
| Statement of responsibility, etc. | Robert H. Carver, Jane Gradwohl Nash. |
| 260 ## - PUBLICATION, DISTRIBUTION, ETC. | |
| Place of Publication | Belmont, CA : |
| Name of publisher, distributor, etc. | Brooks/Cole Cengage Learning, |
| Date of publication, distribution, etc. | c2009. |
| 300 ## - PHYSICAL DESCRIPTION | |
| Pages | xvi, 323 p. : |
| 504 ## - BIBLIOGRAPHY, ETC. NOTE | |
| Bibliography, etc. note | Includes bibliographical references and index. |
| 650 #0 - SUBJECT ADDED ENTRY--TOPICAL TERM | |
| Subject / Department | Social sciences |
| General subdivision | Statistical methods |
| -- | Computer programs. |
| 700 1# - ADDED ENTRY--PERSONAL NAME | |
| Personal name | Nash, Jane Gradwohl. |
| 300 ## - PHYSICAL DESCRIPTION | |
| -- | ill. ; |
| -- | 24 cm. + |
| 856 42 - | |
| -- | Contributor biographical information |
| -- | http://www.loc.gov/catdir/enhancements/fy1104/2008923234-b.html |
| 856 42 - | |
| -- | Publisher description |
| -- | http://www.loc.gov/catdir/enhancements/fy1104/2008923234-d.html |
| 856 41 - | |
| -- | Table of contents only |
| -- | http://www.loc.gov/catdir/enhancements/fy1215/2008923234-t.html |
| 906 ## - LOCAL DATA ELEMENT F, LDF (RLIN) | |
| a | 7 |
| b | cbc |
| c | orignew |
| d | 2 |
| e | epcn |
| f | 20 |
| g | y-gencatlg |
| 952 ## - LOCATION AND ITEM INFORMATION (KOHA) | |
| -- | 0 |
| -- | 0 |
| Lost status | Damaged status | Permanent Location | Current Location | Shelving Location | Date acquired | Full Call Number | Accession No./Barcode | Date last seen | item type |
|---|---|---|---|---|---|---|---|---|---|
| Superior Information Resource Center (SIRC) Superior University- Gold Campus | Superior Information Resource Center (SIRC) Superior University- Gold Campus | Statistics | 06/08/2023 | 004.6 CAR-D 2009 | 19273 | 06/08/2023 | BOOK |
